000 00320 a2200157 4500
001 173297
020 _a
040 _cMagnum
100 _aAmendola, Ulderico
240 1 0 _aMarreco de natal
_lpor
245 1 0 _aMarreco de natal
362 0 _a1899
440 1 _aMelhoramentos
697 _aIJ/ANIMAIS
942 _cBK
999 _c173297
_d173297